Voyager en Turquie (Record no. 171361)

MARC details
000 -LEADER
campo de control de longitud fija 00805nam a2200241 i 4500
001 - NÚMERO DE CONTROL
campo de control 171361
003 - IDENTIFICADOR DE NÚMERO DE CONTROL
campo de control ES-MaACL
005 - FECHA Y HORA DE LA ÚLTIMA TRANSACCIÓN
campo de control 20230906214619.0
008 - DATOS DE LONGITUD FIJA--INFORMACIÓN GENERAL
campo de control de longitud fija 090512s1991 fr |||| | fre d
020 ## - NÚMERO INTERNACIONAL ESTÁNDAR DEL LIBRO
Número Internacional Estándar del Libro 2-266-03601-7
080 ## - NÚMERO DE LA CLASIFICACIÓN DECIMAL UNIVERSAL
Número de la Clasificación Decimal Universal (036)=133.1=512.161
100 1# - ENTRADA PRINCIPAL--NOMBRE DE PERSONA
Nombre de persona Colin, Sylvie.
9 (RLIN) 140084
245 10 - MENCIÓN DEL TÍTULO
Título Voyager en Turquie
Resto del título : guide de conversation /
Mención de responsabilidad, etc. par Sylvie Colin et Semih Kosar.
246 14 - FORMA VARIANTE DEL TITULO
Título propio/Titulo breve Turc
Resto del título : voyager en Turquie
260 ## - PUBLICACIÓN, DISTRIBUCIÓN, ETC.
Lugar de publicación, distribución, etc. Paris :
Nombre del editor, distribuidor, etc. Presses Pocket,
Fecha de publicación, distribución, etc. 1991.
300 ## - DESCRIPCIÓN FÍSICA
Extensión 223 p. ;
Dimensiones 18 cm.
490 1# - MENCIÓN DE SERIE
Mención de serie Les langues pour tous ;
Designación de volumen o secuencia 3508
650 #4 - PUNTO DE ACCESO ADICIONAL DE MATERIA--TÉRMINO DE MATERIA
Término de materia o nombre geográfico como elemento de entrada Lengua turca.
9 (RLIN) 140085
700 1# - ENTRADA AGREGADA--NOMBRE PERSONAL
Nombre de persona Kosar, Semih.
9 (RLIN) 140086
830 0# - PUNTO DE ACCESO ADICIONAL DE SERIE-TÍTULO UNIFORME
Título uniforme Les langues pour tous ;
Designación de volumen o secuencia 3508
9 (RLIN) 189015
852 4# - LOCALIZACIÓN
Ubicación ES-MaACL
Número de control de estantería E-12638
itemnumber R.140195
Nota libre . - Biblioteca Jacinto Martínez Lacalle
Holdings
Estatus retirado Estado de pérdida Estado de daño No para préstamo Biblioteca de origen Biblioteca actual Ubicación en estantería Fecha de adquisición Fuente de adquisición Total de préstamos Signatura topográfica completa Código de barras Visto por última vez Precio de reemplazo Tipo de ítem Koha
        Biblioteca del Ateneo de Madrid Biblioteca del Ateneo de Madrid Depósito 2 12/05/2009     E-12638 1179835 23/02/2023 23/02/2023 Libro impreso